El escondido

Saved in:
Bibliographic Details
Main Author: Vega, Carlos (Author)
Format: Book
Language:Spanish
Published: Buenos Aires Ricordi Americana 1948
Edition:2a. ed
Series:Bailes Tradicionales Argentinos, 7
Subjects:
Tags: Add Tag
No Tags, Be the first to tag this record!

MARC

LEADER 00000cam a2200000 a 4500
001 UCF1252
003 CL-VaPUC
008 120629e19480000AG |||||||||||||||||spa|d
082 0 4 |a 793.31982  |b VEG  |2 21 
100 0 |a Vega, Carlos  |e author  |9 344560 
245 1 3 |a El escondido 
250 |a 2a. ed 
300 |a 30 p 
942 |c BK 
945 |d 20120629 00:00:00  |a cmena 
260 |a Buenos Aires  |b Ricordi Americana  |c 1948 
650 0 |a Bailes folkloricos  |9 409912 
650 0 |a Bailes tradicionales  |9 476800 
650 0 |a Música folklórica argentina  |9 435964 
650 7 |a ESCONDIDO  |2 CL-VaPUC  |9 562843 
651 0 |a Argentina  |9 254888 
583 |a last modification  |c 20120629 12:35:00  |k Rodrigo Vera 
490 0 |a Bailes Tradicionales Argentinos, 7 
999 |c 348136  |d 348134 
952 |0 0  |1 0  |4 0  |6 793_319820000000000_VEG_1948  |7 0  |8 X  |9 450028  |a FDOMLP  |b FDOMLP  |d 2019-11-22  |i 4810988  |o 793.31982 VEG 1948  |p 4810988  |r 2019-11-22  |w 2019-11-22  |y BK_X  |k BU2